[Event "22nd Stuttgart Open 2017"]
[Site "Ditzingen GER"]
[Date "2017.05.25"]
[Round "1"]
[White "Epishin,V"]
[Black "Schork,S"]
[Result "1-0"]
[WhiteElo "2549"]
[BlackElo "2045"]

1.Nf3 d5 2.e3 Nf6 3.c4 c6 4.Nc3 Bg4 5.cxd5 cxd5 6.Qb3 Bxf3 7.Qxb7 Nbd7 8.gxf3
Rb8 9.Qxa7 e5 10.Bb5 Bd6 11.Qa6 Rb6 12.Qa4 O-O 13.d4 exd4 14.exd4 Qe7+ 15.Be3
Nc5 16.dxc5 Bxc5 17.O-O-O Bxe3+ 18.fxe3 Qxe3+ 19.Kb1 Rfb8 20.Qd4 Qxf3 21.a4
{#r} 1-0

[Event "22nd Stuttgart Open 2017"]
[Site "Ditzingen GER"]
[Date "2017.05.25"]
[Round "1"]
[White "Schroeder,Ja"]
[Black "Doeserich,J"]
[Result "1-0"]
[WhiteElo "2516"]
[BlackElo "2013"]

1.e4 c5 2.Nf3 e6 3.d4 cxd4 4.Nxd4 Nc6 5.Nc3 Qc7 6.Be3 a6 7.Be2 b5 8.Nxc6 Qxc6
9.a3 Bb7 10.Qd2 d6 11.O-O Nf6 12.f3 Be7 13.a4 b4 14.Na2 d5 15.e5 Nd7 16.Nxb4
Qc7 17.f4 a5 18.Nd3 O-O 19.Bd4 Rfc8 20.c3 Ba6 21.b4 Bc4 22.b5 g6 23.Rab1 Nb6
24.Ra1 Qb7 25.Qe3 Bxd3 26.Bxd3 Nc4 27.Qf2 Rab8 28.g4 Qc7 29.Rae1 Qd8 30.Re2
Kh8 31.Qf3 Nb6 32.f5 Nxa4 33.Bc2 Nc5 34.Qh3 Qg8 35.fxg6 fxg6 36.Rf6 Ne4
37.Rxe4 dxe4 38.Bxe4 Bxf6 39.exf6 Qf7 40.Bxg6 Qxg6 41.f7+ Qg7 42.Qe3 Rf8
43.Qe5 {#r} 1-0

[Event "22nd Stuttgart Open 2017"]
[Site "Ditzingen GER"]
[Date "2017.05.25"]
[Round "1"]
[White "Harig,A"]
[Black "Levin,F"]
[Result "0-1"]
[WhiteElo "2040"]
[BlackElo "2501"]

1.d4 d5 2.Nf3 Nf6 3.e3 g6 4.Be2 c5 5.O-O Bg7 6.b3 cxd4 7.exd4 O-O 8.Nbd2 Nc6
9.Bb2 Bf5 10.Rc1 Rc8 11.Nh4 Be6 12.a3 Ne4 13.Nhf3 Qb6 14.Ba1 Bh6 15.Rb1 Nxd2
16.Nxd2 Nxd4 17.Bd3 Bg7 18.Re1 Qd6 19.a4 Qf4 20.Nf1 Rfd8 21.Bb2 Nc6 22.Bc1 Qc7
23.Bd2 Ne5 24.Bf4 Qc3 25.Bd2 Qc6 26.Ba5 Nxd3 27.cxd3 Re8 28.Qd2 d4 29.Rec1 Qa6
30.Rxc8 Rxc8 31.Bb4 Bf6 32.Ng3 Bd5 33.Qe2 Qc6 34.f3 Bg5 35.Nf1 Qc2 36.Qxc2
Rxc2 37.Re1 e6 38.Bd6 Bxb3 39.Be5 Bxa4 40.Bxd4 a6 41.Be5 Bb5 42.f4 Bd8 43.Ne3
Rd2 44.Rc1 Bc6 {#R} 0-1

[Event "22nd Stuttgart Open 2017"]
[Site "Ditzingen GER"]
[Date "2017.05.25"]
[Round "1"]
[White "Pap,M"]
[Black "Koch,Martin"]
[Result "1-0"]
[WhiteElo "2480"]
[BlackElo "2036"]

1.e4 c5 2.Nf3 e6 3.d4 cxd4 4.Nxd4 Nf6 5.Nc3 d6 6.Bd3 a6 7.O-O Nbd7 8.Qe2 Qc7
9.a4 b6 10.f4 Bb7 11.Bd2 Nc5 12.b4 Nxd3 13.cxd3 Be7 14.Rac1 Qd7 15.g4 O-O
16.g5 Ne8 17.f5 e5 18.Nf3 Nc7 19.f6 gxf6 20.gxf6 Bxf6 21.Kh1 Bg7 22.Rg1 Kh8
23.Ng5 f6 24.Nxh7 Kxh7 25.Qh5+ Kg8 26.Rxg7+ Qxg7 27.Bh6 Rf7 28.Bxg7 Rxg7
29.Qf5 Rf8 30.Rg1 Rf7 31.Rxg7+ Kxg7 32.h4 d5 33.h5 {#r} 1-0

[Event "22nd Stuttgart Open 2017"]
[Site "Ditzingen GER"]
[Date "2017.05.25"]
[Round "1"]
[White "Narr,K"]
[Black "Krassowizkij,J"]
[Result "0-1"]
[WhiteElo "2035"]
[BlackElo "2452"]

1.c4 g6 2.Nc3 c5 3.g3 Bg7 4.Bg2 Nc6 5.Nf3 e6 6.O-O Nge7 7.d3 O-O 8.e4 a6 9.Be3
Nd4 10.Ne2 Nec6 11.Nfxd4 cxd4 12.Bd2 b5 13.cxb5 axb5 14.b4 Ra3 15.Bc1 Ra4
16.a3 Nxb4 17.Qb3 d6 18.Bg5 Qxg5 19.axb4 Qd2 20.Bf3 Rxb4 21.Qa3 Ra4 22.Qb3 Bd7
23.Rxa4 bxa4 24.Qa3 Bb5 25.Nf4 Be5 26.Rb1 Bxf4 27.Rxb5 Rc8 28.Qxa4 Be3 {#R}
0-1

[Event "22nd Stuttgart Open 2017"]
[Site "Ditzingen GER"]
[Date "2017.05.25"]
[Round "1"]
[White "Turcan,Milan"]
[Black "Levushkina,E"]
[Result "0-1"]
[WhiteElo "2024"]
[BlackElo "2336"]

1.e4 e5 2.Nc3 Nf6 3.g3 Nc6 4.Bg2 Bc5 5.Nge2 a6 6.O-O d6 7.Nd5 O-O 8.c3 Nxd5
9.exd5 Ne7 10.d4 exd4 11.Nxd4 Nf5 12.Nf3 h6 13.a4 a5 14.Bd2 Qf6 15.Qc2 Bd7
16.b4 Bb6 17.c4 axb4 18.Bxb4 Ba5 19.Qb3 b6 20.Ba3 Bc3 21.Rac1 Nd4 22.Nxd4 Bxd4
23.Rce1 Bxa4 24.Qd3 Rfe8 25.Re4 Rxe4 26.Bxe4 Bd7 27.Bf3 Bf5 28.Qb3 Bh3 29.Rd1
Re8 30.Bb4 Re3 {#R} 0-1

[Event "22nd Stuttgart Open 2017"]
[Site "Ditzingen GER"]
[Date "2017.05.25"]
[Round "1"]
[White "Niklasch,O"]
[Black "Kast,J"]
[Result "0-1"]
[WhiteElo "2315"]
[BlackElo "2017"]

1.Nf3 Nf6 2.c4 c5 3.Nc3 d5 4.cxd5 Nxd5 5.g3 Nc6 6.Bg2 Nc7 7.O-O e5 8.a3 Be7
9.b4 O-O 10.bxc5 Bxc5 11.Bb2 f6 12.e3 Be6 13.d4 exd4 14.Na4 Be7 15.exd4 Rb8
16.Re1 Bf7 17.Nc5 b6 18.Nd3 Na5 19.Nh4 Re8 20.Nf5 Bf8 21.Rxe8 Qxe8 22.Bc3 Qd7
23.Ne3 Nb3 24.Rb1 Nxd4 25.Nb4 Rd8 26.Rb2 Ncb5 27.Bxd4 Nxd4 28.Nbd5 Nf5 29.Qg4
Bg6 30.Qc4 Kh8 31.Rd2 Nxe3 32.fxe3 Bc5 {#R} 0-1

[Event "22nd Stuttgart Open 2017"]
[Site "Ditzingen GER"]
[Date "2017.05.25"]
[Round "2"]
[White "Sailer,W"]
[Black "Epishin,V"]
[Result "0-1"]
[WhiteElo "2119"]
[BlackElo "2549"]

1.e4 b6 2.Nc3 Bb7 3.g3 e6 4.Bg2 d5 5.d3 Bb4 6.Bd2 Nf6 7.e5 Nfd7 8.f4 O-O 9.Nf3
Nc6 10.O-O Ne7 11.a3 Bxc3 12.bxc3 c5 13.Qe2 Re8 14.g4 Nf8 15.Rae1 Rc8 16.Bh3
d4 17.c4 Qd7 18.Ng5 b5 19.cxb5 Qxb5 20.f5 Qc6 21.Ne4 exf5 22.gxf5 Nd5 23.e6
fxe6 24.f6 Rc7 25.f7+ Rxf7 26.Rxf7 Kxf7 27.Qh5+ Kg8 28.Rf1 Re7 29.Bg5 Nf6
30.Bxf6 gxf6 31.Nxf6+ Kh8 32.Ne4 Ng6 33.Qg5 Qc7 34.Nxc5 Rg7 35.Nxe6 Nf4 {#R}
0-1

[Event "22nd Stuttgart Open 2017"]
[Site "Ditzingen GER"]
[Date "2017.05.25"]
[Round "2"]
[White "Ikonnikov,Vy"]
[Black "Naundorf,M"]
[Result "1-0"]
[WhiteElo "2552"]
[BlackElo "2133"]

1.d4 Nf6 2.Nf3 c5 3.d5 b5 4.Bg5 Qb6 5.Bxf6 Qxf6 6.c3 g6 7.e4 Qb6 8.Nbd2 Bg7
9.a4 b4 10.a5 Qb7 11.Qc2 bxc3 12.bxc3 d6 13.Rb1 Qc7 14.Bb5+ Bd7 15.Nc4 O-O
16.O-O Bxb5 17.Rxb5 Nd7 18.Rfb1 Rfb8 19.a6 Rxb5 20.Rxb5 Rb8 21.Qb3 Rxb5
22.Qxb5 Bxc3 23.Kf1 Nf6 24.Ke2 h6 25.Kd3 Bb4 26.h3 Kg7 27.g4 Qd7 28.Qxd7 Nxd7
29.e5 Nb8 30.exd6 exd6 31.Nxd6 Nxa6 32.Nb5 Nb8 33.Nxa7 Nd7 34.Nc8 Kf6 35.Kc4
g5 36.Kb5 Ne5 37.Nxe5 Kxe5 38.Kc4 f5 39.f3 fxg4 40.fxg4 Kf4 41.d6 Ba5 42.Kxc5
Bd8 43.Ne7 Kg3 44.Nc6 Bf6 45.Kd5 Kxh3 46.Ke6 {#r} 1-0

[Event "22nd Stuttgart Open 2017"]
[Site "Ditzingen GER"]
[Date "2017.05.25"]
[Round "2"]
[White "Muetsch,Annmarie"]
[Black "Schroeder,Ja"]
[Result "0-1"]
[WhiteElo "2124"]
[BlackElo "2516"]

1.e4 e5 2.Nf3 Nc6 3.d4 exd4 4.Nxd4 Nf6 5.Nxc6 bxc6 6.e5 Qe7 7.Qe2 Nd5 8.c4 Nb6
9.Nc3 Qe6 10.Qe4 a5 11.Bd3 Ba6 12.b3 g6 13.f4 Bb4 14.Bd2 O-O 15.O-O d5 16.cxd5
cxd5 17.Qe2 Bxd3 18.Qxd3 c5 19.Rae1 c4 20.Qf3 Rac8 21.a3 Bc5+ 22.Kh1 cxb3
23.f5 Qxf5 24.Qxf5 gxf5 25.Rxf5 Rc6 26.Bg5 b2 27.Nb5 h6 28.Bf6 Be3 29.Rf3 Bg5
30.Bxg5 hxg5 31.Rb3 Rc1 32.Rg1 Nc4 33.Nd6 Rc2 {#R} 0-1

[Event "22nd Stuttgart Open 2017"]
[Site "Ditzingen GER"]
[Date "2017.05.25"]
[Round "2"]
[White "Levin,F"]
[Black "Tschlatscher,T"]
[Result "1-0"]
[WhiteElo "2501"]
[BlackElo "2125"]

1.d4 Nf6 2.Nf3 e6 3.c4 d5 4.Nc3 dxc4 5.e3 a6 6.Bxc4 b5 7.Bb3 Bb7 8.O-O Nbd7
9.e4 Nxe4 10.Nxe4 Bxe4 11.Re1 Nf6 12.Rxe4 Nxe4 13.Qc2 Nf6 14.Qc6+ Ke7 15.Bd2
a5 16.Ne5 Qc8 17.Qxb5 Ne8 18.Nc6+ {#r} 1-0

[Event "22nd Stuttgart Open 2017"]
[Site "Ditzingen GER"]
[Date "2017.05.25"]
[Round "2"]
[White "Krassowizkij,J"]
[Black "Clitan,Z"]
[Result "1-0"]
[WhiteElo "2452"]
[BlackElo "2115"]

1.c4 c5 2.Nf3 Nf6 3.Nc3 d5 4.cxd5 Nxd5 5.e4 Nb4 6.Bc4 Nd3+ 7.Ke2 Nf4+ 8.Kf1
Ne6 9.d3 Nc6 10.h4 g6 11.Be3 Ned4 12.Nd5 Bg7 13.Nxd4 Bxd4 14.h5 Bxe3 15.Nxe3
g5 16.Bb5 Bd7 17.Qc1 a6 18.Bxc6 Bxc6 19.Ke2 Bb5 20.Qc3 Qd4 21.Qxd4 cxd4 22.Nd5
Rc8 23.Rac1 Bc6 24.Rc4 b5 25.Rc5 Bb7 26.Rhc1 Rd8 27.Nc7+ Kd7 28.Nxb5 Bxe4
29.dxe4 axb5 30.Rxb5 f6 31.e5 Rc8 32.Rxc8 Rxc8 33.exf6 Rc2+ 34.Kd3 Rxf2
35.fxe7 Rxg2 36.Rb7+ Ke8 37.Kxd4 Rh2 38.Ke5 Rxh5 39.Kf6 Rh6+ 40.Kxg5 Ra6 41.a3
{#r} 1-0

[Event "22nd Stuttgart Open 2017"]
[Site "Ditzingen GER"]
[Date "2017.05.25"]
[Round "2"]
[White "Gustain,M"]
[Black "Kowalczyk,P"]
[Result "0-1"]
[WhiteElo "2124"]
[BlackElo "2347"]

1.d4 f5 2.Bg5 h6 3.Bh4 g5 4.e4 Rh7 5.Bg3 f4 6.Bxf4 gxf4 7.e5 e6 8.Bd3 Qe7
9.Bxh7 Qxh7 10.Nc3 Bb4 11.Qh5+ Qf7 12.Qxf7+ Kxf7 13.Ne2 Nc6 14.O-O-O d6
15.exd6 Bxd6 16.Ne4 f3 17.gxf3 Nf6 18.c4 b6 19.N2g3 Be7 20.Rhe1 Ba6 21.d5 exd5
22.cxd5 Nb4 23.Nf5 Bf8 24.Nxf6 Kxf6 25.Re3 Kxf5 {#R} 0-1

[Event "22nd Stuttgart Open 2017"]
[Site "Ditzingen GER"]
[Date "2017.05.25"]
[Round "2"]
[White "Levushkina,E"]
[Black "Jerie,Sven"]
[Result "0-1"]
[WhiteElo "2336"]
[BlackElo "2062"]

1.e4 e5 2.Nc3 Nf6 3.g3 d5 4.exd5 Nxd5 5.Bg2 Nxc3 6.bxc3 Bc5 7.Nf3 Nc6 8.O-O
O-O 9.d3 Bg4 10.Qe1 Re8 11.Ng5 Qd7 12.h3 Bf5 13.Kh2 Bg6 14.Ne4 Be7 15.Nd2 f5
16.Rb1 b6 17.Qe2 Rad8 18.d4 e4 19.f3 Bg5 20.fxe4 Bxd2 21.Bxd2 fxe4 22.Bg5 Rb8
23.Bf4 Kh8 24.Rbd1 b5 25.Rfe1 Qf7 26.Ra1 Na5 27.a4 a6 28.axb5 Rxb5 29.Be5 Nc4
30.Rxa6 Rb2 31.Rf1 Qg8 32.Bxe4 Bxe4 33.Qxe4 Nd2 34.Qf4 Nxf1+ 35.Qxf1 Rxc2+
36.Kg1 Rf8 37.Qb1 Qf7 38.Bf4 Rxc3 39.Qe1 Rc2 40.Ra3 Qd5 41.Qf1 Qxd4+ 42.Kh1
Rf2 {#R} 0-1

[Event "22nd Stuttgart Open 2017"]
[Site "Ditzingen GER"]
[Date "2017.05.25"]
[Round "2"]
[White "Faulhaber,R"]
[Black "Swicarz,M"]
[Result "0-1"]
[WhiteElo "2083"]
[BlackElo "2306"]

1.c4 f5 2.g3 Nf6 3.Bg2 e5 4.Nc3 g6 5.d3 Bg7 6.e4 fxe4 7.dxe4 Bf8 8.Nf3 Nc6
9.O-O Bc5 10.Bg5 h6 11.Bxf6 Qxf6 12.Nd5 Qd6 13.Nh4 Kd8 14.Qg4 g5 15.Nf5 Qg6
16.h4 d6 17.Bh3 Rf8 18.h5 Qh7 19.Qd1 Nd4 20.b4 Nxf5 21.bxc5 Nd4 22.Bxc8 Rxc8
23.cxd6 cxd6 24.Qg4 Rxc4 25.Rac1 Rc5 26.Ne3 Rxc1 27.Rxc1 Qd7 28.Qxd7+ Kxd7
29.Nd5 Ne2+ {#R} 0-1

[Event "22nd Stuttgart Open 2017"]
[Site "Ditzingen GER"]
[Date "2017.05.26"]
[Round "3"]
[White "Schroeder,Ja"]
[Black "Klings,P"]
[Result "1-0"]
[WhiteElo "2516"]
[BlackElo "2183"]

1.e4 c6 2.Nc3 d5 3.Nf3 h6 4.d4 dxe4 5.Nxe4 Bg4 6.c3 Nd7 7.Bd3 Ngf6 8.h3 Bxf3
9.Qxf3 Nxe4 10.Qxe4 e6 11.Bd2 Nf6 12.Qf3 Bd6 13.O-O-O Qd7 14.Kb1 O-O-O 15.Rhe1
Kb8 16.g4 Rde8 17.Bc4 Qc7 18.Bb3 Ka8 19.h4 Ref8 20.Bc1 Nd7 21.g5 hxg5 22.hxg5
g6 23.Rh1 Bh2 24.Be3 Rh4 25.Bc2 Qd6 26.c4 Qe7 27.d5 exd5 28.cxd5 Ne5 29.d6 Qe6
30.Qg2 Qh3 31.Qxh3 Rxh3 32.d7 Rhh8 33.Rxh2 {#r} 1-0

[Event "22nd Stuttgart Open 2017"]
[Site "Ditzingen GER"]
[Date "2017.05.26"]
[Round "3"]
[White "Kabisch,T"]
[Black "Levin,F"]
[Result "0-1"]
[WhiteElo "2262"]
[BlackElo "2501"]

1.e4 e5 2.Nf3 Nc6 3.Bb5 a6 4.Ba4 Nge7 5.c4 g6 6.d4 exd4 7.Nxd4 Bg7 8.Be3 Ne5
9.Bb3 c5 10.Nc2 b5 11.Nba3 Qa5+ 12.Kf1 b4 13.Nb1 Qc7 14.a3 bxa3 15.Rxa3 O-O
16.Nc3 d6 17.h3 Be6 18.Nd5 Nxd5 19.cxd5 Bd7 20.Kg1 Bb5 21.Ba2 f5 22.b4 cxb4
23.Nxb4 Nc4 24.Qc1 Bb2 {#R} 0-1

[Event "22nd Stuttgart Open 2017"]
[Site "Ditzingen GER"]
[Date "2017.05.26"]
[Round "3"]
[White "Pap,M"]
[Black "Cofman,V"]
[Result "1-0"]
[WhiteElo "2480"]
[BlackElo "2164"]

1.e4 e6 2.d4 d5 3.Nd2 Nf6 4.e5 Nfd7 5.c3 c5 6.f4 Nc6 7.Ndf3 Be7 8.Bd3 f5 9.Ne2
O-O 10.O-O h6 11.h3 b6 12.g4 g6 13.Kh2 Kh7 14.Rg1 a5 15.gxf5 gxf5 16.Ng3 Qe8
17.Be3 Ba6 18.Bxa6 Rxa6 19.c4 cxd4 20.cxd5 dxe3 21.dxc6 Nc5 22.Nd4 Ra8 23.Qf3
Qf7 24.Qxe3 Rad8 25.Rad1 Na6 26.Qb3 Nc7 27.Qf3 Rg8 28.Rg2 Rg7 29.a4 Rgg8
30.Nb5 Rxd1 31.Qxd1 Nd5 32.Qf3 Bh4 33.Nd6 Bxg3+ 34.Rxg3 Rxg3 35.Kxg3 Qg7+
36.Kh2 Qc7 37.Qh5 Qg7 38.Qe8 Nxf4 39.Qd7 Nd5 40.Ne8 Qe7 41.Qxe7+ Nxe7 42.c7
Kg6 43.Nd6 Kg5 44.Kg3 f4+ 45.Kf3 Kg6 46.Ke4 {#r} 1-0

[Event "22nd Stuttgart Open 2017"]
[Site "Ditzingen GER"]
[Date "2017.05.26"]
[Round "3"]
[White "Kowalczyk,P"]
[Black "Scherer,Ho"]
[Result "0-1"]
[WhiteElo "2347"]
[BlackElo "2158"]

1.d4 Nf6 2.c4 g6 3.Nc3 Bg7 4.e4 d6 5.f3 O-O 6.Be3 Nc6 7.Qd2 a6 8.O-O-O Rb8
9.Bh6 e5 10.d5 Nd4 11.g4 c5 12.h4 b5 13.h5 bxc4 14.Bxc4 Rb4 15.Bd3 Qa5 16.Bxg7
Kxg7 17.Nge2 Bd7 18.hxg6 fxg6 19.Qh6+ Kg8 20.g5 Nxe2+ 21.Nxe2 Qxa2 22.Kd2
Nxe4+ 23.fxe4 Rxb2+ 24.Ke3 Rf7 25.Rhf1 Bg4 26.Nc3 Rbf2 27.Qh1 Qb2 {#R} 0-1

[Event "22nd Stuttgart Open 2017"]
[Site "Ditzingen GER"]
[Date "2017.05.26"]
[Round "3"]
[White "Pfitzer,N"]
[Black "Hoeglauer,Patrick"]
[Result "0-1"]
[WhiteElo "2084"]
[BlackElo "2246"]

1.d4 Nf6 2.Nf3 e6 3.g3 b5 4.Bg2 Bb7 5.O-O c5 6.c3 Na6 7.a4 b4 8.Qd3 Be7 9.Bf4
O-O 10.h4 bxc3 11.bxc3 cxd4 12.cxd4 Nb4 13.Qb3 Rc8 14.Nc3 Nfd5 15.Bd2 Nxc3
16.Bxc3 Bd5 17.Qb2 a5 18.Bxb4 Bxb4 19.Rfc1 f5 20.Ne5 Bxg2 21.Kxg2 f4 22.Rxc8
Qxc8 23.Rc1 Qb7+ 24.f3 fxg3 25.Qc2 Bd6 26.Qc4 Bxe5 27.dxe5 Qb2 28.Rc3 Qa1
29.Kxg3 Qg1+ 30.Kh3 h5 31.Qd3 Qa1 32.Qd4 Qf1+ 33.Kg3 Qxe2 34.Rd3 Qe1+ 35.Kg2
Rf5 36.Re3 Qc1 37.Rc3 Qb2+ 38.Kg3 Qe2 39.Re3 Qf1 40.Qxd7 Qg1+ 41.Kh3 Qxe3
42.Qxe6+ Rf7 {#R} 0-1

[Event "22nd Stuttgart Open 2017"]
[Site "Ditzingen GER"]
[Date "2017.05.26"]
[Round "4"]
[White "Neyman,I"]
[Black "Schroeder,Ja"]
[Result "0-1"]
[WhiteElo "2285"]
[BlackElo "2516"]

1.d4 d5 2.c4 e6 3.Nc3 c6 4.e3 Nf6 5.Nf3 Nbd7 6.Bd3 dxc4 7.Bxc4 b5 8.Bd3 a6
9.O-O c5 10.a3 Bb7 11.dxc5 Nxc5 12.Bc2 Qxd1 13.Rxd1 Rc8 14.Bd2 Bd6 15.Rac1 Ke7
16.h3 Ncd7 17.Nb1 Rhg8 18.Kf1 g5 19.Nd4 Ne5 20.b3 h5 21.Be1 Nd5 22.Ke2 f5
23.Bd2 Nf6 24.Rg1 Ne4 25.Ba5 h4 26.Nf3 Nc6 27.Bb6 Nf6 28.b4 Nd5 29.Bd4 g4
30.hxg4 fxg4 31.Nxh4 Nf4+ 32.Kd2 Nxd4 33.exd4 g3 34.fxg3 Rxg3 35.Nf3 Nxg2
36.Ne5 Bxe5 37.dxe5 Rd8+ {#R} 0-1

[Event "22nd Stuttgart Open 2017"]
[Site "Ditzingen GER"]
[Date "2017.05.26"]
[Round "4"]
[White "Scherer,Ho"]
[Black "Pap,M"]
[Result "0-1"]
[WhiteElo "2158"]
[BlackElo "2480"]

1.e4 e5 2.f4 d5 3.exd5 exf4 4.Nf3 Nf6 5.Bc4 Nxd5 6.O-O Be6 7.Bb3 Bd6 8.c4 Ne7
9.d4 Ng6 10.Nc3 O-O 11.c5 Be7 12.Bxe6 fxe6 13.Qb3 Qd7 14.Re1 Nc6 15.Rxe6 Kh8
16.Qc4 Rad8 17.d5 Na5 18.Qe4 Bxc5+ 19.Kh1 c6 20.Rxg6 cxd5 21.Qa4 hxg6 22.Qxa5
b6 23.Qa6 Qf5 24.Bd2 g5 25.Ne2 g4 26.Nh4 Qc2 27.Nxf4 Qxd2 28.Nhg6+ Kh7
29.Nxf8+ Rxf8 30.Qd3+ Qxd3 31.Nxd3 Be3 {#R} 0-1

[Event "22nd Stuttgart Open 2017"]
[Site "Ditzingen GER"]
[Date "2017.05.26"]
[Round "4"]
[White "Jerie,Sven"]
[Black "Swicarz,M"]
[Result "0-1"]
[WhiteElo "2062"]
[BlackElo "2306"]

1.e4 c6 2.d4 d5 3.Nd2 h6 4.e5 Bf5 5.Ngf3 e6 6.Be2 c5 7.c4 Nc6 8.dxc5 d4 9.Qb3
Bxc5 10.Bd3 Bxd3 11.Qxd3 Nge7 12.O-O b6 13.Qe4 Qd7 14.a3 a5 15.b3 O-O 16.Bb2
Rad8 17.Rad1 f5 18.exf6 gxf6 19.Qg4+ Kh7 20.Rfe1 e5 21.h3 f5 22.Qh5 Ng6 23.g3
Rg8 24.Kf1 Rdf8 25.Bc1 Kg7 26.Nb1 Rh8 27.Nc3 Qb7 28.Nd5 b5 29.Nh4 Nxh4 30.gxh4
bxc4 31.Ke2 d3+ 32.Kd2 Rf7 33.Rg1+ Kf8 34.bxc4 Qb3 35.Ke1 Qxc4 36.Bxh6+ Ke8
37.Nc7+ Kd7 38.Nb5 Rhh7 39.Rg7 Qe4+ 40.Kd2 Rfxg7 41.Re1 Qf4+ {#R} 0-1

[Event "22nd Stuttgart Open 2017"]
[Site "Ditzingen GER"]
[Date "2017.05.26"]
[Round "4"]
[White "Krassowizkij,J"]
[Black "Petermann,M"]
[Result "1-0"]
[WhiteElo "2452"]
[BlackElo "2161"]

1.c4 g6 2.d4 Bg7 3.e4 d6 4.Ne2 c5 5.d5 b5 6.cxb5 a6 7.Nec3 Nf6 8.Be2 O-O 9.O-O
axb5 10.Bxb5 Ba6 11.Qe2 Qb6 12.a4 Bxb5 13.Nxb5 Na6 14.N1c3 Nb4 15.Be3 Rfb8
16.Rac1 Nd7 17.b3 Qd8 18.Nb1 Nb6 19.N1a3 Qd7 20.Nc4 Nxc4 21.Rxc4 Rb7 22.Rfc1
Rab8 23.Bd2 Na6 24.Qd1 h5 25.h3 Ra8 26.Qc2 Nc7 27.Nxc7 Rxc7 28.a5 Rb7 29.b4
Bd4 30.bxc5 Bxc5 31.e5 e6 32.exd6 Bxd6 33.Rc8+ Rxc8 34.Qxc8+ Qxc8 35.Rxc8+ Kg7
36.dxe6 fxe6 37.a6 Rb2 {#r} 1-0

[Event "22nd Stuttgart Open 2017"]
[Site "Ditzingen GER"]
[Date "2017.05.26"]
[Round "4"]
[White "Zuferi,E"]
[Black "Firat,Kaan"]
[Result "1-0"]
[WhiteElo "2228"]
[BlackElo "2091"]

1.d4 Nf6 2.Nf3 g6 3.c4 Bg7 4.Nc3 d5 5.cxd5 Nxd5 6.e4 Nxc3 7.bxc3 c5 8.Rb1 O-O
9.Be2 Nc6 10.d5 Ne5 11.Nxe5 Bxe5 12.Qd2 Qa5 13.Rb3 Bg7 14.f4 Qc7 15.O-O c4
16.Rb4 Qc5+ 17.Qe3 Qxe3+ 18.Bxe3 Bxc3 19.Rxc4 Bg7 20.e5 Rd8 21.Bf3 Bf5 22.Rfc1
Rdc8 23.Rxc8+ Rxc8 24.Rxc8+ Bxc8 25.Bxa7 Bf5 26.Bb6 Kf8 27.e6 Ke8 28.Be2 {#r}
1-0

[Event "22nd Stuttgart Open 2017"]
[Site "Ditzingen GER"]
[Date "2017.05.26"]
[Round "4"]
[White "Bueter,N"]
[Black "Epishin,V"]
[Result "0-1"]
[WhiteElo "2054"]
[BlackElo "2549"]

1.d4 g6 2.c4 Bg7 3.Nc3 c5 4.d5 d6 5.e4 a6 6.f4 e6 7.a4 Ne7 8.Nf3 O-O 9.Be2
exd5 10.cxd5 Bg4 11.h3 Bxf3 12.Bxf3 Nd7 13.O-O f5 14.Qc2 Kh8 15.Kh1 fxe4
16.Nxe4 Nf5 17.Bg4 Qe7 18.Bd2 Qxe4 {#R} 0-1

[Event "22nd Stuttgart Open 2017"]
[Site "Ditzingen GER"]
[Date "2017.05.27"]
[Round "5"]
[White "Schroeder,Ja"]
[Black "Pap,M"]
[Result "1-0"]
[WhiteElo "2516"]
[BlackElo "2480"]

1.e4 e5 2.Nf3 Nf6 3.Nxe5 d6 4.Nf3 Nxe4 5.d4 d5 6.Bd3 Nd6 7.O-O Be7 8.Bf4 O-O
9.Re1 Re8 10.Nbd2 Nd7 11.c3 Nf8 12.Qc2 g6 13.Rac1 c6 14.h3 Be6 15.Nf1 f6
16.Ng3 Kg7 17.h4 Nf7 18.h5 Bd6 19.Bxd6 Nxd6 20.Qd2 Nf7 21.Nh4 Nh6 22.hxg6 hxg6
23.Nxg6 Nxg6 24.Nh5+ Kh7 25.Bxg6+ Kxg6 26.Nf4+ Kf7 27.Nxe6 Rxe6 28.Rxe6 Kxe6
29.Qxh6 Qh8 30.Re1+ Kf7 31.Qe3 Qh5 32.Qe6+ Kg6 33.Qe2 Qf5 34.Qe3 Rh8 35.Qg3+
Kf7 36.Qc7+ Kg6 37.Qg3+ Kf7 38.f3 Qc2 39.Qc7+ Kg6 40.Qg3+ Kf7 41.Qc7+ Kg6
42.Qxb7 Qd2 43.Re7 Qh6 44.Qd7 Qc1+ 45.Kf2 Qxb2+ 46.Kg3 Qb8+ 47.f4 Rg8 48.Kf3
Qb1 49.Qg4+ {#r} 1-0

[Event "22nd Stuttgart Open 2017"]
[Site "Ditzingen GER"]
[Date "2017.05.27"]
[Round "5"]
[White "Swicarz,M"]
[Black "Levin,F"]
[Result "1-0"]
[WhiteElo "2306"]
[BlackElo "2501"]

1.e4 c6 2.Nc3 d5 3.Nf3 g6 4.d4 Bg7 5.h3 Nh6 6.Bf4 f6 7.Bd3 Nf7 8.e5 O-O 9.O-O
c5 10.exf6 Bxf6 11.Be5 Bxe5 12.dxe5 Nc6 13.Re1 Be6 14.Bb5 Qb6 15.Qe2 Na5 16.b3
a6 17.Bd7 Bxd7 18.e6 Qxe6 19.Qxe6 Bxe6 20.Rxe6 Nd8 21.Rxe7 Ndc6 22.Rc7 d4
23.Ne4 Rf7 24.Rxf7 Kxf7 25.Nxc5 Rc8 26.Nd3 b5 27.Re1 Nb7 28.Re4 Nd6 29.Rh4 h5
30.Rf4+ Ke6 31.Kf1 a5 32.Ke1 Nf5 33.Ke2 Re8 34.g4 hxg4 35.hxg4 Nh6 36.Ng5+ Ke7
37.Re4+ Kd6 {#r} 1-0

[Event "22nd Stuttgart Open 2017"]
[Site "Ditzingen GER"]
[Date "2017.05.27"]
[Round "5"]
[White "Pogan,N"]
[Black "Scheeff,V"]
[Result "1-0"]
[WhiteElo "2301"]
[BlackElo "2092"]

1.d4 d5 2.c4 c6 3.Nf3 Nf6 4.Nc3 e6 5.e3 Nbd7 6.Bd3 dxc4 7.Bxc4 b5 8.Bd3 Bb7
9.O-O a6 10.a4 b4 11.Ne4 c5 12.Nxf6+ Qxf6 13.b3 cxd4 14.exd4 Bd6 15.Bg5 Bxf3
16.Qxf3 Qxf3 17.gxf3 Nb6 18.Rfc1 Kd7 19.Rc2 h6 20.Bd2 Rhc8 21.Rac1 Rxc2
22.Rxc2 Nd5 23.h3 Be7 24.f4 f5 25.Be2 Bf6 26.Rc5 Bxd4 27.Ra5 Bb6 28.Rxa6 Rb8
29.Bd3 g5 30.fxg5 hxg5 31.Bb5+ Kc8 32.Bxg5 e5 33.Bc4 Nc7 34.a5 Nxa6 35.Bxa6+
Kd7 36.axb6 Rxb6 37.Bc4 Rg6 38.h4 Kd6 39.f3 Rg7 40.Kf2 Re7 41.Ke3 Rh7 42.f4
Rh8 {#r} 1-0

[Event "22nd Stuttgart Open 2017"]
[Site "Ditzingen GER"]
[Date "2017.05.27"]
[Round "5"]
[White "Epishin,V"]
[Black "Dudek,Ri"]
[Result "1-0"]
[WhiteElo "2549"]
[BlackElo "2227"]

1.Nf3 Nf6 2.g3 b6 3.d3 d5 4.c4 e6 5.cxd5 exd5 6.Bg2 Be7 7.O-O O-O 8.Qc2 Bb7
9.Nh4 Re8 10.Nf5 Bf8 11.Nc3 g6 12.Nh6+ Kg7 13.Bg5 Be7 14.h4 Nc6 15.Bxf6+ Bxf6
16.Ng4 Nd4 17.Qd2 h5 18.Nxf6 Qxf6 19.Rfe1 Rad8 20.b4 Ne6 21.Rec1 Rd7 22.Rab1
Nd4 23.Qd1 a6 24.e3 Nb5 25.Ne2 c6 26.a4 Nd6 27.Nf4 Rdd8 28.Rc2 Nf5 29.Qf3 Re7
30.Ne2 Nd6 31.Qxf6+ Kxf6 32.Nd4 Rc7 33.Rbc1 Nf5 34.Nxc6 Rdc8 35.b5 axb5
36.axb5 Nd6 37.Bh3 Ra8 38.Nd4 Rxc2 39.Rxc2 Ra1+ 40.Kg2 {#r} 1-0

[Event "22nd Stuttgart Open 2017"]
[Site "Ditzingen GER"]
[Date "2017.05.27"]
[Round "5"]
[White "Ikonnikov,Vy"]
[Black "Cofman,V"]
[Result "1-0"]
[WhiteElo "2552"]
[BlackElo "2164"]

1.d4 Nf6 2.Nf3 c5 3.d5 g6 4.Nc3 d6 5.e4 Bg7 6.Bb5+ Bd7 7.a4 a6 8.Be2 Bg4 9.O-O
Bxf3 10.Bxf3 Nbd7 11.Bg5 h6 12.Be3 O-O 13.Be2 Ne8 14.Qd2 Kh7 15.a5 Nc7 16.Ra2
Rb8 17.Na4 Nb5 18.b4 Nd4 19.Bd3 Ne5 20.f4 Ng4 21.bxc5 Nxe3 22.Qxe3 Qxa5 23.e5
dxc5 24.c3 b5 25.cxd4 bxa4 26.dxc5 Kh8 27.Rc1 Rfc8 28.Qd4 a3 29.Qc3 Qa4 30.Qc4
Qa5 31.c6 Rb2 32.Raa1 Qd2 33.Bf1 a2 34.Rd1 Qf2+ 35.Kh1 Rc2 36.Qxa6 Rd8 37.Qa4
g5 38.Qe4 Kg8 39.Bd3 Rc3 40.fxg5 hxg5 41.Qh7+ Kf8 42.Rf1 Qh4 43.Qf5 f6 44.d6
exd6 45.exf6 Bh8 46.Qe6 Re8 47.Qxd6+ Kf7 48.Qd7+ Kf8 49.Bg6 Ra8 50.Qf7# 1-0

[Event "22nd Stuttgart Open 2017"]
[Site "Ditzingen GER"]
[Date "2017.05.27"]
[Round "5"]
[White "Wenner,T"]
[Black "Neyman,I"]
[Result "0-1"]
[WhiteElo "2051"]
[BlackElo "2285"]

1.Nf3 d5 2.g3 c6 3.Bg2 Bg4 4.d4 Nd7 5.Nbd2 Ngf6 6.O-O e6 7.b3 Bd6 8.Bb2 O-O
9.h3 Bf5 10.Nh4 Be4 11.Nhf3 Qe7 12.Nxe4 Nxe4 13.c4 f5 14.e3 g5 15.Ne5 Rad8
16.Bxe4 dxe4 17.Nxd7 Rxd7 18.Qh5 Qg7 19.Rab1 Qg6 20.Qxg6+ hxg6 21.Kg2 Rfd8
22.f3 exf3+ 23.Kxf3 Bf8 24.g4 Kf7 25.Rg1 Be7 26.Ke2 c5 27.dxc5 Rd2+ 28.Kf3
Bxc5 29.gxf5 exf5 30.Bc1 Rxa2 31.b4 Be7 32.Rg2 Rxg2 33.Kxg2 Rd1 34.Ra1 a6
35.b5 axb5 36.cxb5 Bc5 37.Kf3 Ke6 38.Bb2 Rd3 39.Bc1 Rb3 {#R} 0-1